Innovation and knowledge intensity in the less developed Southern Great Plain region of Hungary
Elmentve itt :
| Szerző: | |
|---|---|
| Dokumentumtípus: | Tanítási erőforrás |
| Kulcsszavak: | innováció vidékfejlesztési poltika vidékfejlesztés magyarország regionális |
| Tárgyszavak: | |
| Online Access: | http://eta.bibl.u-szeged.hu/4356 |
| LEADER | 00799nnm a2200229 i 4500 | ||
|---|---|---|---|
| 001 | eta4356 | ||
| 005 | 20201215090230.0 | ||
| 008 | 201215suuuu hu o 0|| eng d | ||
| 040 | |a SZTE Elektronikus Tananyag Archívum |b hun | ||
| 041 | |a eng | ||
| 100 | 1 | |a Vas Zsófia | |
| 245 | 1 | 0 | |a Innovation and knowledge intensity in the less developed Southern Great Plain region of Hungary |h [elektronikus dokumentum] / |c Vas Zsófia |
| 300 | |a 18 | ||
| 516 | |a Teaching_resource | ||
| 650 | 4 | |a Társadalomtudományok | |
| 650 | 4 | |a Közgazdasági és gazdálkodástudományok | |
| 695 | |a innováció | ||
| 695 | |a vidékfejlesztési poltika | ||
| 695 | |a vidékfejlesztés | ||
| 695 | |a magyarország | ||
| 695 | |a regionális | ||
| 856 | 4 | 0 | |u https://eta.bibl.u-szeged.hu/4356/1/2010-0012_148_05.pdf |z Dokumentum-elérés |